000 00410nam a2200181Ia 4500
001 10259
005 20260306161819.0
008 260306t1992||||xx |||||||||||||| ||spa||
041 _aESP
082 _a910.202
_bV915
100 _aValigi, Cinzia
_eAUT
245 0 _aRoma e Vaticano
260 _c1992
300 _a124 páginas :
_c24 cm.
650 _aGEN
654 _aCHU
942 _cLIB
_dJUS
_fJUS
_2ddc
_n
999 _c10259
_d10259